Neuroanatomy : (رقم التسجيلة. 31762)

تفاصيل مارك
000 -الفاتح
حقل البيانات ثابتة الطول 01472cam a22003614a 4500
001 - رقم الضبط
رقم الضبط 12953706
003 - محدد رقم الضبط
رقم الضبط OSt
005 - وقت وتاريخ اخر تعامل مع التسجيلة
رقم الضبط 20150408114148.0
008 - عناصر البيانات ثابتة الطول - معلومات عامة
حقل البيانات ثابتة الطول 021001s2003 nyua b 001 0 eng
010 ## - رقم ضبط مكتبة الكونجرس
رقم ضبط مكتبة الكونجرس 2002035061
020 ## - الرقم الدولى المعيارى للكتب
الرقم الدولى المعيارى للكتاب 007138183X (alk. paper)
035 ## - رقم ضبط النظام
رقم ضبط النظام (DNLM)101156461
040 ## - مصدر الفهرسة
وكالة الفهرسة الأصلية DNLM/DLC
وكالة النسخ DLC
وكالة التعديل DLC
042 ## - رمز التحقق
رمز التحقق pcc
050 00 - رقم طلب مكتبة الكونجرس
رقم التصنيف QM451
رقم المادة .M27 2003
060 10 - رقم الطلب بالمكتبة الطبية الوطنية
رقم التصنيف WL 300
رقم المادة M381n 2003
082 00 - رقم تصنيف ديوى العشرى
رقم التصنيف 611.8
رقم الطبعة 21
رقم المادة MJN
100 1# - المدخل الرئيسى - إسم شخصى
الإسم الشخصى Martin, John H.
الشكل الأكمل للاسم (John Harry),
التواريخ المصاحبة للاسم 1951-
9 (RLIN) 39094
245 10 - بيان العنوان
العنوان Neuroanatomy :
بقية العنوان text and atlas /
بيان المسئوليه,etc John H. Martin ; medical photography by Howard J. Radzyner ; illustrated by Michael E. Leonard.
250 ## - بيان الطبعة
بيان الطبعة 3rd ed.
260 ## - PUBLICATION, DISTRIBUTION, ETC. (IMPRINT)
مكان الناشر او الموزع New York, N.Y. :
اسم الناشر او الموزع McGraw-Hill,
تاريخ النشر أو التوزيع c2003.
300 ## - الوصف المادى
التعداد xxiv, 532 p. :
تفاصيل ماديه اخرى للوعاء ill. ;
أبعاد الوعاء 28 cm.
504 ## - تبصرة ببليوجرافية
تبصرة ببليوجرافية,الخ Includes bibliographical references and index.
650 #0 - المدخل الاضافى بالموضوع-مصطلح موضوعى
مصطلح موضوعي أو اسم جغرافي كعنصر مدخل Neuroanatomy.
9 (RLIN) 11004
650 #0 - المدخل الاضافى بالموضوع-مصطلح موضوعى
مصطلح موضوعي أو اسم جغرافي كعنصر مدخل Neuroanatomy
التقسيم الفرعي الشكلي Atlases.
9 (RLIN) 39095
650 12 - المدخل الاضافى بالموضوع-مصطلح موضوعى
مصطلح موضوعي أو اسم جغرافي كعنصر مدخل Central Nervous System
التقسيم الفرعي العام anatomy & histology.
9 (RLIN) 39096
650 22 - المدخل الاضافى بالموضوع-مصطلح موضوعى
مصطلح موضوعي أو اسم جغرافي كعنصر مدخل Central Nervous System
التقسيم الفرعي العام anatomy & histology
التقسيم الفرعي الشكلي Atlases.
9 (RLIN) 39097
856 42 - الوصول و الموقع الالكترونى
مواد محددة Publisher description
معرف المصدر الموحد <a href="http://www.loc.gov/catdir/description/mh031/2002035061.html">http://www.loc.gov/catdir/description/mh031/2002035061.html</a>
856 42 - الوصول و الموقع الالكترونى
مواد محددة Contributor biographical information
معرف المصدر الموحد <a href="http://www.loc.gov/catdir/enhancements/fy0739/2002035061-b.html">http://www.loc.gov/catdir/enhancements/fy0739/2002035061-b.html</a>
906 ## - عنصر بيانات محلى F, LDF (RLIN)
a 7
b cbc
c orignew
d 1
e ocip
f 20
g y-gencatlg
942 ## - عناصر المدخل الإضافي( كوها)
مصدر التصنيف او مخطط الترفيف Dewey Decimal Classification
Koha [default] item type كتاب
المقتنيات
حالة الفقد نموذج السعر الفعال حالة تلف ليس للاعارة رقم الطلب تاريخ الاكتساب الموقع الحالي الباركود الفرع الرئيسي Total Renewals Date last checked out Date last seen نوع المادة فى نظام كوها مصدر التصنيف او خطة الترفيف Total Checkouts
  2013-11-02     611.8 MJN 2013-11-02 المكتبة المركزية بالمجمعة (CL) 00404035 المكتبة المركزية بالمجمعة (CL) 1 2017-04-18 2017-05-25 كتاب Dewey Decimal Classification 3
  2013-11-02     611.8 MJN 2013-11-02 المكتبة المركزية بالمجمعة (CL) 00404036 المكتبة المركزية بالمجمعة (CL) 1 2014-04-15 2014-06-03 كتاب Dewey Decimal Classification 1
  2013-11-02     611.8 MJN 2013-11-02 المكتبة المركزية بالمجمعة (CL) 00404037 المكتبة المركزية بالمجمعة (CL)     2013-11-02 كتاب Dewey Decimal Classification  
  2013-11-02     611.8 MJN 2013-11-02 مكتبة مجمع الكليات بالزلفى - طلاب (SZM) 00404038 مكتبة مجمع الكليات بالزلفى - طلاب (SZM)     2013-11-02 كتاب Dewey Decimal Classification  
  2013-11-02     611.8 MJN 2013-11-02 مكتبة مجمع الكليات بالزلفى - طلاب (SZM) 00404039 مكتبة مجمع الكليات بالزلفى - طلاب (SZM)     2013-11-02 كتاب Dewey Decimal Classification